000 00840nam a2200253Ia 4500
003 GCL
005 20240530095211.0
008 140319s9999 xx 000 0 ara d
020 _a2063566977
040 _aGCL /
_cGCL
082 0 4 _a962.076
_bق/ح س
100 1 _aحنفى المحلاوى
245 1 0 _aالسادات بين هيكل و موسى /
_cحنفى المحلاوى
250 _aالاولى
260 _aالقاهرة :
_bمكتبة الدار العربية للكتاب ،
_c1994
300 _a270 ص ؛
_c20 سم
650 0 4 _aمصر
650 0 4 _aمحمد حسنين هيكل
650 0 4 _aالسياسيون - تراجم
650 0 4 _aموسى صبرى
650 0 4 _aمصر - الاحوال السياسية
650 0 4 _aمصر - تاريخ - العصر الحديث (1805 - 1956 )
942 _2ddc
_cBK
999 _c4888
_d4888